[Event "Ortisei Server24 op 3rd"]
[White "Manfredi, Vincenzo"]
[Black "Codenotti, Marco"]
[Site "Ortisei"]
[Round "2"]
[Result "0-1"]
[Date "2016.06.05"]
[WhiteElo "2258"]
[BlackElo "2451"]
[PlyCount "108"]
[EventDate "2016.06.04"]
[EventType "swiss"]
[EventRounds "9"]
[EventCountry "ITA"]
[SourceTitle "CBM 172 Extra"]
[Source "ChessBase"]
[SourceDate "2016.06.21"]
[SourceVersion "1"]
[SourceVersionDate "2016.06.21"]
[SourceQuality "1"]

1. d4 Nf6 2. c4 g6 3. Nc3 d5 4. Nf3 Bg7 5. e3 0-0 6. Be2 c5 7. 0-0 cxd4 8. exd4 Nc6 9. Re1 Bg4 10. cxd5 Nxd5 11. h3 Bf5 12. Bg5 h6 13. Be3 Rc8 14. Qd2 Nxe3 15. Qxe3 Nxd4 16. Rad1 Nxe2+ 17. Rxe2 Qb6 18. Qxb6 axb6 19. Rxe7 Rb8 20. Rd6 Rbd8 21. Rxb6 Bc8 22. Ne4 Rd1+ 23. Kh2 Rfd8 24. Ne5 Be6 25. Nf3 Bxa2 26. b3 R1d7 27. Rxb7 Rxe7 28. Rxe7 Bxb3 29. Ng3 Be6 30. h4 Ra8 31. Rb7 Ra4 32. Rb8+ Kh7 33. Rd8 Bf6 34. Rd3 Bxh4 35. Nxh4 Rxh4+ 36. Kg1 Rb4 37. f3 g5 38. Rd8 Rb6 39. Rd4 Rb3 40. Rd8 Kg7 41. Rd4 Kg6 42. Ne4 Rb5 43. g4 f5 44. Nf2 Kf6 45. Kg2 Bd5 46. Kg3 Ke5 47. Rd2 Rb3 48. Rd3 f4+ 49. Kg2 Rb2 50. Kg1 Rb1+ 51. Kg2 Re1 52. Nh3 Re3 53. Rxe3+ fxe3 54. Kg3 e2 0-1

[Event "Imperia op-A 55th"]
[White "Yao, Stefano"]
[Black "Manfredi, Vincenzo"]
[Site "Imperia"]
[Round "2"]
[Result "1-0"]
[Date "2013.09.02"]
[WhiteElo "1976"]
[BlackElo "2229"]
[PlyCount "91"]
[EventDate "2013.09.01"]
[EventType "swiss"]
[EventRounds "9"]
[EventCountry "ITA"]
[SourceTitle "EXT 2015"]
[Source "ChessBase"]
[SourceDate "2014.11.20"]
[SourceVersion "1"]
[SourceVersionDate "2014.11.20"]
[SourceQuality "1"]

1. Nf3 Nf6 2. c4 g6 3. g3 Bg7 4. Bg2 0-0 5. 0-0 d6 6. d4 Nbd7 7. Nc3 e5 8. e4 c6 9. h3 exd4 10. Nxd4 Re8 11. Re1 a5 12. b3 Nc5 13. Rb1 Nfd7 14. Be3 Ne5 15. Qc2 a4 16. Red1 axb3 17. axb3 Qe7 18. f4 Ned7 19. Bf2 Ra3 20. Ra1 Ra6 21. b4 Rxa1 22. Rxa1 Ne6 23. Rd1 Nxd4 24. Bxd4 d5 25. Bxg7 Kxg7 26. Qb2 Kg8 27. cxd5 Nb6 28. d6 Qd8 29. e5 Be6 30. Ne4 Nd7 31. Qd4 b6 32. Ra1 Qb8 33. Ng5 c5 34. Qd2 Bb3 35. Qc3 Be6 36. Nxe6 fxe6 37. Ra8 Qxa8 38. Bxa8 Rxa8 39. Qc4 Kf7 40. g4 Ra4 41. f5 gxf5 42. gxf5 Nf8 43. fxe6+ Nxe6 44. d7 Ra8 45. Qf1+ Kg8 46. Qg2+ 1-0

[Event "Milan Crespi op-A 33rd"]
[White "Stromboli, Carlo"]
[Black "Manfredi, Vincenzo"]
[Site "Milan"]
[Round "4"]
[Result "1-0"]
[Date "2012.12.04"]
[WhiteElo "2326"]
[BlackElo "2230"]
[PlyCount "41"]
[EventDate "2012.12.01"]
[EventType "swiss"]
[EventRounds "9"]
[EventCountry "ITA"]
[SourceTitle "CBM 151 Extra"]
[Source "ChessBase"]
[SourceDate "2012.12.18"]
[SourceVersion "1"]
[SourceVersionDate "2012.12.18"]
[SourceQuality "1"]

1. e4 c5 2. Nf3 Nc6 3. d4 cxd4 4. Nxd4 e6 5. Nc3 Qc7 6. Be2 a6 7. Be3 Nf6 8. 0-0 Bb4 9. Na4 Be7 10. c4 d6 11. Nc3 0-0 12. Rc1 Ne5 13. f4 Nxc4 14. Bf2 Bd7 15. b3 Na5 16. Nd5 Nxd5 17. exd5 Nc6 18. dxc6 bxc6 19. Bd3 f5 20. Re1 e5 21. Nxc6 1-0

[Event "Milan Crespi op-A 33rd"]
[White "Manfredi, Vincenzo"]
[Black "Pancevski, Filip"]
[Site "Milan"]
[Round "2"]
[Result "0-1"]
[Date "2012.12.02"]
[WhiteElo "2230"]
[BlackElo "2512"]
[PlyCount "62"]
[EventDate "2012.12.01"]
[EventType "swiss"]
[EventRounds "9"]
[EventCountry "ITA"]
[SourceTitle "CBM 151 Extra"]
[Source "ChessBase"]
[SourceDate "2012.12.18"]
[SourceVersion "1"]
[SourceVersionDate "2012.12.18"]
[SourceQuality "1"]

1. d4 Nf6 2. c4 d6 3. Nc3 e5 4. e4 exd4 5. Qxd4 Nc6 6. Qd2 g6 7. b3 Bg7 8. Bb2 0-0 9. f3 a5 10. h4 Nh5 11. g4 Ng3 12. Rh3 Nxf1 13. Kxf1 h5 14. g5 Bxh3+ 15. Nxh3 Ne5 16. f4 Qd7 17. Nf2 Nf3 18. Qe2 Nd4 19. Qd2 c6 20. Na4 Nf3 21. Qe2 Bxb2 22. Qxb2 Qe7 23. Kg2 Nxh4+ 24. Kg3 f6 25. Kxh4 fxg5+ 26. Kg3 Rxf4 27. Qd4 Raf8 28. Rf1 g4 29. Nb2 Rf3+ 30. Kg2 Qh4 31. Nbd3 Rg3# 0-1

[Event "ITA-ch sf 70th"]
[White "Sbarra, Marco"]
[Black "Manfredi, Vincenzo"]
[Site "Torino"]
[Round "9"]
[Result "0-1"]
[Date "2010.06.27"]
[WhiteElo "2309"]
[BlackElo "2172"]
[PlyCount "102"]
[EventDate "2010.06.20"]
[EventType "swiss"]
[EventRounds "9"]
[EventCountry "ITA"]
[SourceTitle "CBM 137 Extra"]
[Source "ChessBase"]
[SourceDate "2010.09.01"]
[SourceVersion "1"]
[SourceVersionDate "2010.09.01"]
[SourceQuality "1"]

1. d4 Nf6 2. c4 c5 3. d5 d6 4. Nc3 g6 5. e4 Bg7 6. h3 0-0 7. Nf3 b5 8. cxb5 a6 9. bxa6 Nbd7 10. Be2 Bxa6 11. 0-0 Qb6 12. Rb1 Rfb8 13. Re1 Ne8 14. Bd2 Nc7 15. Na4 Qa7 16. b3 Bxe2 17. Qxe2 Nb5 18. Rbc1 Ne5 19. Nxe5 Bxe5 20. Be3 Qa5 21. Red1 Rb7 22. f4 Nd4 23. Qf2 Bg7 24. Kh1 Rc7 25. Bd2 Qa6 26. Be3 Rac8 27. Nc3 Rb7 28. Rd2 Rb4 29. Re1 Nxb3 30. Rc2 Nd4 31. Rcc1 Nb5 32. e5 Nxc3 33. Rxc3 Qb7 34. Qf3 Ra8 35. Rc2 Rb2 36. Rxb2 Qxb2 37. exd6 exd6 38. f5 Be5 39. fxg6 hxg6 40. Bf4 Qb4 41. Re4 Qb1+ 42. Kh2 Bxf4+ 43. Qxf4 Qd3 44. Re7 Qxd5 45. Rd7 Rxa2 46. Qg3 Rc2 47. Kh1 Rd2 48. Rd8+ Kg7 49. Qc3+ Qd4 50. Qf3 Qa1+ 51. Kh2 Qe5+ 0-1

[Event "ITA-ch sf 70th"]
[White "Grinza, Andrea"]
[Black "Manfredi, Vincenzo"]
[Site "Torino"]
[Round "3"]
[Result "1/2-1/2"]
[Date "2010.06.22"]
[WhiteElo "2255"]
[BlackElo "2172"]
[PlyCount "89"]
[EventDate "2010.06.20"]
[EventType "swiss"]
[EventRounds "9"]
[EventCountry "ITA"]
[SourceTitle "CBM 137 Extra"]
[Source "ChessBase"]
[SourceDate "2010.09.01"]
[SourceVersion "1"]
[SourceVersionDate "2010.09.01"]
[SourceQuality "1"]

1. d4 Nf6 2. c4 g6 3. Nc3 Bg7 4. e4 d6 5. f3 0-0 6. Bg5 c5 7. d5 e6 8. Nge2 exd5 9. Nxd5 Nc6 10. Qd2 Be6 11. Nec3 Bxd5 12. cxd5 Nd4 13. Ne2 Qb6 14. Nxd4 cxd4 15. Bd3 Nd7 16. 0-0 Nc5 17. Rfd1 Rac8 18. Rab1 Rc7 19. Bh6 Bxh6 20. Qxh6 Nxd3 21. Rxd3 Rc2 22. f4 Rfc8 23. f5 Qd8 24. Rh3 Qf6 25. Qxh7+ Kf8 26. Rf1 d3 27. fxg6 Qd4+ 28. Kh1 Rf2 29. Rf3 Rxf3 30. gxf3 fxg6 31. Qh6+ Kf7 32. Qh7+ Qg7 33. Qxg7+ Kxg7 34. Rd1 Rc2 35. Rxd3 Rxb2 36. Rc3 Rxa2 37. Rc7+ Kf6 38. Rxb7 Ke5 39. Re7+ Kf4 40. Rf7+ Ke3 41. Kg1 g5 42. h3 a5 43. Rf6 a4 44. Rxd6 Kxf3 45. e5 1/2-1/2

[Event "Bratto op 29th"]
[White "Lenic, Luka"]
[Black "Manfredi, Vincenzo"]
[Site "Bratto"]
[Round "1"]
[Result "1-0"]
[Date "2009.08.21"]
[WhiteElo "2565"]
[BlackElo "2183"]
[PlyCount "59"]
[EventDate "2009.08.21"]
[EventType "swiss"]
[EventRounds "9"]
[EventCountry "ITA"]
[SourceTitle "CBM 132 Extra"]
[Source "ChessBase"]
[SourceDate "2009.11.03"]
[SourceVersion "1"]
[SourceVersionDate "2009.11.03"]
[SourceQuality "1"]

1. d4 Nf6 2. Nf3 g6 3. Bf4 Bg7 4. e3 0-0 5. Be2 c5 6. c3 b6 7. 0-0 Ba6 8. Bxa6 Nxa6 9. e4 cxd4 10. cxd4 Nc7 11. Nc3 Ne6 12. Be3 d5 13. e5 Ne4 14. Rc1 Qc7 15. Qb3 Rfd8 16. Rc2 Qd7 17. Rfc1 Rac8 18. Ne1 h5 19. Nd3 Bh6 20. Nb4 Bxe3 21. fxe3 Nxc3 22. Rxc3 Rxc3 23. Qxc3 Ng5 24. Qc7 Ne4 25. Qxd7 Rxd7 26. Rc8+ Kg7 27. Kf1 e6 28. Ke2 f6 29. Nc6 f5 30. Nd8 1-0

[Event "Bratto op-A 28th"]
[White "Efimov, Igor"]
[Black "Manfredi, Vincenzo"]
[Site "Bratto"]
[Round "7"]
[Result "1-0"]
[Date "2008.08.28"]
[WhiteElo "2458"]
[BlackElo "2204"]
[PlyCount "59"]
[EventDate "2008.08.22"]
[EventType "swiss"]
[EventRounds "9"]
[EventCountry "ITA"]
[SourceTitle "CBM 126 Extra"]
[Source "ChessBase"]
[SourceDate "2008.11.05"]
[SourceVersion "1"]
[SourceVersionDate "2008.11.05"]
[SourceQuality "1"]

1. d4 Nf6 2. Nf3 g6 3. g3 Bg7 4. Bg2 0-0 5. 0-0 d6 6. Re1 Nbd7 7. e4 e5 8. Nc3 c6 9. a4 exd4 10. Nxd4 a5 11. b3 Re8 12. Ba3 Qb6 13. Qd2 Nc5 14. Bb2 Bd7 15. h3 Rad8 16. Rad1 Bc8 17. Ba1 Rd7 18. Re2 Rde7 19. Rde1 Qc7 20. Kh2 h5 21. f4 Bh6 22. Ndb5 cxb5 23. Nxb5 Qb8 24. Bxf6 Re6 25. Bb2 h4 26. g4 d5 27. e5 Ne4 28. Bxe4 Rxe5 29. Bxe5 Rxe5 30. Bg2 1-0

[Event "Bratto op-A 28th"]
[White "Manfredi, Vincenzo"]
[Black "Tatai, Stefano"]
[Site "Bratto"]
[Round "6"]
[Result "1-0"]
[Date "2008.08.27"]
[WhiteElo "2204"]
[BlackElo "2372"]
[PlyCount "85"]
[EventDate "2008.08.22"]
[EventType "swiss"]
[EventRounds "9"]
[EventCountry "ITA"]
[SourceTitle "CBM 126 Extra"]
[Source "ChessBase"]
[SourceDate "2008.11.05"]
[SourceVersion "1"]
[SourceVersionDate "2008.11.05"]
[SourceQuality "1"]

1. d4 Nf6 2. c4 e6 3. Nc3 Bb4 4. e3 c5 5. a3 Bxc3+ 6. bxc3 b6 7. Bd3 Bb7 8. f3 0-0 9. Ne2 Nc6 10. 0-0 Na5 11. e4 Ne8 12. f4 f5 13. Ng3 g6 14. dxc5 bxc5 15. Be3 d6 16. exf5 exf5 17. Re1 Rf7 18. Bf2 Qd7 19. Rb1 Bc6 20. Nf1 Ng7 21. Ne3 Nh5 22. Nd5 Raf8 23. Qf3 Nf6 24. Bh4 Bxd5 25. cxd5 c4 26. Bc2 Nb7 27. Bf2 Nc5 28. Bxc5 dxc5 29. Rbd1 Qb5 30. d6 Nd7 31. Re7 Kg7 32. Rb1 Qa6 33. Qd5 Nb6 34. Qxc5 Rxe7 35. dxe7 Re8 36. Re1 Qc8 37. Qe5+ Kf7 38. a4 Qd7 39. a5 Nc8 40. Qc5 Rxe7 41. Qxc4+ Kg7 42. Rd1 Qc7 43. Qd4+ 1-0

[Event "Genova op 10th"]
[White "Velikov, Petar"]
[Black "Manfredi, Vincenzo"]
[Site "Genova"]
[Round "2"]
[Result "1-0"]
[Date "2006.08.08"]
[WhiteElo "2465"]
[BlackElo "2153"]
[PlyCount "71"]
[EventDate "2006.08.07"]
[EventType "swiss"]
[EventRounds "9"]
[EventCountry "ITA"]
[SourceTitle "CBM 113 Extra"]
[Source "ChessBase"]
[SourceDate "2006.09.14"]
[SourceVersion "1"]
[SourceVersionDate "2006.09.14"]
[SourceQuality "1"]

1. c4 Nf6 2. g3 g6 3. Bg2 Bg7 4. Nc3 0-0 5. d3 e5 6. e4 d6 7. Nge2 c6 8. h3 Be6 9. 0-0 d5 10. cxd5 cxd5 11. Bg5 d4 12. Bxf6 Qxf6 13. Nd5 Bxd5 14. exd5 Nd7 15. Rc1 Qd6 16. Qb3 Nb6 17. Rc2 Kh8 18. a3 Bf6 19. h4 Rad8 20. Rfc1 Rd7 21. Rc5 Be7 22. Rb5 Qb8 23. Kh1 Nc8 24. d6 Nxd6 25. Rxe5 Qd8 26. Rd5 Nf5 27. Rxd7 Qxd7 28. Qxb7 Qxb7 29. Bxb7 Bd6 30. Kg2 Kg7 31. Rc8 Kf6 32. b4 Ke5 33. f4+ Kf6 34. Kf3 a5 35. bxa5 Bxa3 36. Rc6+ 1-0

[Event "Genova op 9th"]
[White "Ranola, Yves"]
[Black "Manfredi, Vincenzo"]
[Site "Genova"]
[Round "6"]
[Result "1-0"]
[Date "2005.08.13"]
[WhiteElo "2466"]
[BlackElo "2183"]
[PlyCount "89"]
[EventDate "2005.08.08"]
[EventType "swiss"]
[EventRounds "9"]
[EventCountry "ITA"]
[SourceTitle "CBM 107 Extra"]
[Source "ChessBase"]
[SourceDate "2005.09.01"]
[SourceVersion "1"]
[SourceVersionDate "2005.09.01"]
[SourceQuality "1"]

1. Nf3 Nf6 2. g3 g6 3. Bg2 Bg7 4. 0-0 0-0 5. d3 d6 6. e4 c5 7. Re1 Nc6 8. c3 Rb8 9. d4 Bg4 10. dxc5 dxc5 11. Qc2 e5 12. Bg5 h6 13. Bxf6 Qxf6 14. Nbd2 Rfd8 15. Red1 h5 16. h3 Be6 17. Nb3 Qe7 18. Qe2 c4 19. Nbd2 Qc5 20. Ng5 b5 21. Nxe6 fxe6 22. Nf3 Bh6 23. h4 Kf7 24. Bf1 Rxd1 25. Rxd1 Rd8 26. a4 a6 27. axb5 axb5 28. Rxd8 Nxd8 29. Qd1 Ke8 30. b3 cxb3 31. Qxb3 Ke7 32. Bxb5 Qd6 33. Qa4 Nf7 34. Qa7+ Kf6 35. Kg2 Qe7 36. Qb8 Qd8 37. Qb7 Nd6 38. Qc6 Nf7 39. c4 Qd6 40. Qe8 Qf8 41. Qc6 Qd6 42. Qb7 Qe7 43. Qb6 Bf8 44. Qb8 Qd8 45. Nxe5 1-0